| 000 | 01072nam0a22003011 4500 | ||
|---|---|---|---|
| 001 | rc\3363602 | ||
| 005 | 20130115152932.4 | ||
| 021 |
_aRU _b[72-35477] |
||
| 035 | _a(NLR Aleph) 007526753 | ||
| 090 |
_a7742535 _c7742535 |
||
| 100 | _a20130115d1972 |||y0rusy50 ca | ||
| 101 | 0 | _arus | |
| 102 | _aRU | ||
| 105 | _aa z ||||| | ||
| 200 | 1 | _aРасчет схем методами линейного программирования | |
| 210 |
_aМосква _cЭнергия _d1972 |
||
| 215 |
_a81 с. _cчерт. _d20 |
||
| 225 | 1 |
_aБиблиотека по радиоэлектронике _vВып. 35 |
|
| 320 | _aСписок лит.: с. 81 (11 назв.) | ||
| 606 |
_aЛинейное программирование _2psbo |
||
| 606 |
_aЭлектронные схемы _xРасчет _2psbo |
||
| 700 | 1 |
_aЛуберг _bЭ. О. _gЭдуард Оттович |
|
| 701 | 1 |
_aЗдрок _bА. Г. _gАлександр Григорьевич |
|
| 801 | 0 |
_aRU _bNLR _gpsbo |
|
| 801 | 1 |
_aRU _bELAR _2rusmarc |
|
| 852 |
_aNLR _j72-4/15748 |
||
| 942 | _cBOOK | ||
| 980 | _aNB | ||